Every Song by Phoenix - Statistics

General Stats
  • This quiz has been taken 9 times
  • The average score is 19 of 76
Answer Stats
Album Song % Correct
Wolfgang Amadeus Phoenix(2009) 1901
88%
Wolfgang Amadeus Phoenix(2009) Lisztomania
88%
Alphabetical(2004) Alphabetical
63%
Bankrupt!(2013) Bankrupt!
63%
Alpha Zulu(2022) Alpha Zulu
50%
Ti Amo(2017) Ti Amo
50%
Wolfgang Amadeus Phoenix(2009) Countdown
38%
Bankrupt!(2013) Entertainment
38%
Alphabetical(2004) Everything Is Everything
38%
Wolfgang Amadeus Phoenix(2009) Fences
38%
Ti Amo(2017) Fior di Latte
38%
Wolfgang Amadeus Phoenix(2009) Girlfriend
38%
United(2000) If I Ever Feel Better
38%
Wolfgang Amadeus Phoenix(2009) Love Like a Sunset (Part I)
38%
Wolfgang Amadeus Phoenix(2009) Love Like a Sunset (Part II)
38%
Alphabetical(2004) Run Run Run
38%
Alpha Zulu(2022) After Midnight
25%
Non-Album(2023) After Midnight
25%
Wolfgang Amadeus Phoenix(2009) Armistice
25%
Bankrupt!(2013) Bourgeois
25%
Bankrupt!(2013) Chloroform
25%
Alphabetical(2004) Congratulations
25%
Alphabetical(Bonus)(2004) Congratulations (Revisited)
25%
It's Never Been Like That(2006) Courtesy Laughs
25%
Bankrupt!(2013) Don't
25%
Bankrupt!(2013) Drakkar Noir
25%
Ti Amo(2017) Fleur de Lys
25%
United(2000) Funky Squaredance, Pt. 1/2/3 (Medley)
25%
Ti Amo(2017) Goodbye Soleil
25%
Ti Amo(2017) J-Boy
25%
Wolfgang Amadeus Phoenix(2009) Lasso
25%
It's Never Been Like That(2006) Long Distance Call
25%
Ti Amo(2017) Lovelife
25%
It's Never Been Like That(2006) Napoleon Says
25%
It's Never Been Like That(2006) North
25%
Bankrupt!(2013) Oblique City
25%
Ti Amo(2017) Role Model
25%
Wolfgang Amadeus Phoenix(2009) Rome
25%
Bankrupt!(2013) S.O.S. in Bel Air
25%
Ti Amo(2017) Telefono
25%
Bankrupt!(2013) The Real Thing
25%
Alpha Zulu(2022) Tonight
25%
United(2000) Too Young
25%
Bankrupt!(2013) Trying to Be Cool
25%
Ti Amo(2017) Tuttifrutti
25%
Ti Amo(2017) Via Veneto
25%
Alpha Zulu(2022) All Eyes on Me
13%
Alpha Zulu(2022) Artefact
13%
Non-Album(2023) Artefact
13%
It's Never Been Like That(2006) Consolation Prizes
13%
United(2000) Definitive Breaks
13%
United(2000) Embuscade
13%
Non-Album(1999) Heatwave
13%
Alphabetical(2004) Holdin' on Together
13%
United(2000) Honeymoon
13%
Alpha Zulu(2022) Identical
13%
Alphabetical(2004) If It's Not with You
13%
Alphabetical(2004) I'm an Actor
13%
It's Never Been Like That(2006) Lost and Found
13%
Alphabetical(2004) Love for Granted
13%
Alpha Zulu(2022) My Elixir
13%
It's Never Been Like That(2006) One Time Too Many
13%
United(2000) On Fire
13%
United(2000) Party Time
13%
It's Never Been Like That(2006) Rally
13%
United(2000) School's Rules
13%
Alpha Zulu(2022) Season 2
13%
It's Never Been Like That(2006) Second to None
13%
It's Never Been Like That(2006) Sometimes in the Fall
13%
United(2000) Summer Days
13%
Alpha Zulu(2022) The Only One
13%
Alphabetical(2004) Victim of the Crime
13%
Alpha Zulu(2022) Winter Solstice
13%
Alphabetical(2004) (You Can't Blame It On) Anybody
13%
It's Never Been Like That(Bonus)(2006) Diet of the Heart
0%
Non-Album(2018) Monologue
0%
No matching quizzes found
Score Distribution
Percent of People with Each Score
Percentile by Number Answered
Your Score History
You have not taken this quiz